Țările Oceaniei - Statistics

General Stats
  • This quiz has been taken 25 times
  • The average score is 8 of 14
Answers on the Map
Answers color-coded by a green-red scale on the quiz's map according to % correct below.
 
Answer Stats
Ţară % Correct
Australia
100%
Noua Zeelandă
67%
Palau
67%
Fiji
58%
Insulele Solomon
58%
Papua Noua Guinee
58%
Tuvalu
58%
Vanuatu
58%
Nauru
50%
Samoa
50%
Tonga
50%
Kiribati
42%
Statele Federate ale Microneziei
42%
Insulele Marshall
33%
No matching quizzes found
Score Distribution
Percent of People with Each Score
Percentile by Number Answered
Your Score History
You have not taken this quiz